Osmanlı ordu teşkilatı (Record no. 5921)

MARC details
000 -BAŞLIK
Sabit Uzunlukta Kontrol Alanı 00932na a2200265 4500
001 - KONTROL NUMARASI
Denetim Alanı 18968
003 - KONTROL NUMARASI IDENTIFIER
Denetim Alanı MIRAKIL
005 - SON İŞLEM TARİHİ VE ZAMANI
Denetim Alanı 20181213155051.0
008 - SABİT-BOY VERİ ELEMANLARI - GENEL BİLGİLER
Sabit Uzunlukta Kontrol Alanı 161206b tu 000 0
020 ## - ULUSLARARASI STANDART KİTAP NUMARASI
Uluslararası Standart Kitap Numarası 9756786051
040 ## - KATALOGLAMA KAYNAK
Orijinal Kataloglama Ajansı Milas
Kataloglama Dili tur
Metne Dönüştürmek Ajansı TR-AnCHP
041 ## - DİL KODU
Metin / Ses Parça Veya Ayrı Başlığın Dil Kodu tur
082 ## - DEWEY ONLU SINIFLANDIRMA NUMARASI
Sınıflandırma Numarası 355.30956
Ürün Numarası O75 1999
090 ## - SINIFLAMA NUMARASI
Sınıflama Numarası 355.30956 O75 1999
245 ## - BAŞLIK TABLOSU
Başlık Osmanlı ordu teşkilatı
Sorumluluk Tablosu, Vb hazırlayan makam Milli Savunma Bakanlığı Personel Daire Başkanlığı, hazırlayanlar Cengiz Eroğlu, Hülya Yarar, İ. Göktuğ Demiröz
260 ## - YAYIN, DAĞITIM, VB
Yayın, Dağıtım, Vb Yeri Ankara
Yayıncı, Dağıtıcı, Vs Adı Türk Tarih Kurumu basımevi
Yayın, Dağıtım, Vb Tarihi 1999
300 ## - FİZİKSEL TANIM
Kapsam yaklaşık 300 s.
Diğer Fiziksel Ayrıntıları res.,tbl.,
Boyutlar 30 sm.
504 ## - KAYNAKÇA VB NOT
Kaynakça Vb Notu Kaynakça var
650 ## - KONU KATMA GİRİŞ - TOPİKAL DÖNEM
Topikal Süreli Veya Coğrafi Ad Giriş Elemanı Askerlik bilimi
Genel Alt Bölümü Organizasyon
Coğrafi Alt Bölümü Osmanlı İmparatorluğu
700 ## - KATMA GİRİŞ - KİŞİSEL İSİM
Kişisel Ad Demiröz, İ. Göktuğ
700 ## - KATMA GİRİŞ - KİŞİSEL İSİM
Kişisel Ad Yarar, Hülya
700 ## - KATMA GİRİŞ - KİŞİSEL İSİM
Kişisel Ad Eroğlu, Cengiz
710 ## - KATMA GİRİŞ - KURUMSAL ADI
Giriş Elemanı Olarak Kurumsal Ad Veya Yargı Alanı Adı Milli Savunma Bakanlığı
Alt Birim Personel Dairesi Başkanlığı
942 ## - EKLENDİ GİRİŞ ELEMANLARI (KOHA)
Sınıflandırma Veya Raf Düzeni Kaynak Dewey Decimal Classification
Koha Öğesi Türü Books
999 ## - SİSTEM KONTROL NUMARALARI (KOHA)
Koha Biblionumber 5921
Koha Biblioitemnumber 5921
Holdings
Kalıcı Konum Mevcut Konum Edinme Tarihi Edinim Kaynak Toplam Check-Out'Lar Tam Çağrı Numarası Barkod Tarih Son Görülme İtibaren Geçerli Fiyatlar Koha Öğesi Türü
CHP Kütüphanesi CHP Kütüphanesi 12/06/2016 Bağış   355.30956 O75 1999 010170 12/06/2016 12/06/2016 Books